Auf dem Weg zur Mehrstimmigkeit: Thesen zum Dialog der Religionen in Laupheim und anderswo
| Main Author: | |
|---|---|
| Format: | Print Article |
| Language: | German |
| Check availability: | HBZ Gateway |
| Interlibrary Loan: | Interlibrary Loan for the Fachinformationsdienste (Specialized Information Services in Germany) |
| Published: |
2010
|
| In: |
Der christlich-jüdische Dialog
Year: 2010, Pages: [201]-217 |
| Further subjects: | B
Laupheim
B Religion |
MARC
| LEADER | 00000caa a2200000 c 4500 | ||
|---|---|---|---|
| 001 | 1408699818 | ||
| 003 | DE-627 | ||
| 005 | 20240507091945.0 | ||
| 007 | tu | ||
| 008 | 110315s2010 xx ||||| 00| ||ger c | ||
| 020 | |a 9783825357832 | ||
| 035 | |a (DE-627)1408699818 | ||
| 035 | |a (DE-576)338699813 | ||
| 035 | |a (DE-599)BSZ338699813 | ||
| 040 | |a DE-627 |b ger |c DE-627 |e rakwb | ||
| 041 | |a ger | ||
| 084 | |a 0 |2 ssgn | ||
| 084 | |a 70 |2 bwlb | ||
| 100 | 1 | |0 (DE-588)124310885 |0 (DE-627)085777617 |0 (DE-576)164951776 |4 aut |a Kustermann, Abraham Peter |d 1944- | |
| 109 | |a Kustermann, Abraham Peter 1944- |a Kustermann, Abraham P. 1944- | ||
| 245 | 1 | 0 | |a Auf dem Weg zur Mehrstimmigkeit |b Thesen zum Dialog der Religionen in Laupheim und anderswo |c Abraham Peter Kustermann |
| 264 | 1 | |c 2010 | |
| 336 | |a Text |b txt |2 rdacontent | ||
| 337 | |a ohne Hilfsmittel zu benutzen |b n |2 rdamedia | ||
| 338 | |a Band |b nc |2 rdacarrier | ||
| 601 | |a Mehrstimmigkeit | ||
| 601 | |a Religion | ||
| 601 | |a Laupheim | ||
| 650 | 0 | 7 | |0 (DE-588)4049396-9 |0 (DE-627)106187155 |0 (DE-576)209081880 |a Religion |2 gnd |7 (dpeaa)DE-631 |
| 651 | 7 | |0 (DE-588)4034744-8 |0 (DE-627)106251155 |0 (DE-576)209008695 |a Laupheim |2 gnd |7 (dpeaa)DE-631 | |
| 773 | 0 | 8 | |i In |t Der christlich-jüdische Dialog |b 1. Aufl. |d Heidelberg : Winter, 2010 |g 1. Aufl. - Heidelberg, 2010. - S. [201] - 217, 249 |h 283 S. |w (DE-627)640506283 |w (DE-576)335414583 |z 9783825357832 |z 382535783X |7 nnam |
| 773 | 1 | 8 | |g year:2010 |g pages:[201]-217 |
| 935 | |a BWLB | ||
| 951 | |a AR | ||
| ELC | |b 1 | ||
| ORI | |a SA-MARC-ixtheo_oa001.raw | ||
| REL | |a 1 | ||
| STA | 0 | 0 | |a Religion,Religion in literature,Religions,Religion |
| STB | 0 | 0 | |a Religion,Religions,Religion |
| STC | 0 | 0 | |a Religión,Religión,Religión |
| STD | 0 | 0 | |a Religione,Religione,Religione |
| STE | 0 | 0 | |a 宗教,宗教 |
| STF | 0 | 0 | |a 宗教,宗教 |
| STG | 0 | 0 | |a Religião,Religião |
| STH | 0 | 0 | |a Религия,Религия (мотив) |
| STI | 0 | 0 | |a Θρησκεία,Θρησκεία (μοτίβο) |
| SUB | |a REL | ||
| SYE | 0 | 0 | |a Religion,Mystik,Mythologie |



